000 00438nam a22001457a 4500
005 20240320092120.0
008 240320b ||||| |||| 00| 0 eng d
040 _cAL
041 _aeng
082 _223
_a658.3
_bHUMA
245 _aHuman Resource Development and Personnel Management with Special Reference to Canara Workshops Ltd
260 _aMangalore
_bSt Aloysius College
_c1993
700 _aSAMEER (M)
_9155541
942 _2ddc
_cPRO
999 _c230551
_d230551